[Event "Mittelfranken-chTB1 1819"]
[Site "Mittelfranken"]
[Date "2018.10.14"]
[Round "1.6"]
[White "Holzer, Johann"]
[Black "Reinholz, Benjamin"]
[Result "1-0"]
[WhiteElo "1880"]
[BlackElo "1970"]
[PlyCount "83"]
[EventDate "2018.10.14"]
[EventType "team-tourn"]
[EventRounds "9"]
[EventCountry "GER"]
[SourceTitle "EXT 2022"]
[Source "ChessBase"]
[SourceDate "2021.10.06"]
[SourceVersion "1"]
[SourceVersionDate "2021.10.06"]
[SourceQuality "1"]
[WhiteTeam "Bechhofen"]
[BlackTeam "Erlangen SC III"]
[WhiteTeamCountry "GER"]
[BlackTeamCountry "GER"]

1. d4 d5 2. c4 dxc4 3. Nc3 Nf6 4. e3 Bf5 5. Bxc4 e6 6. Nge2 Be7 7. 0-0 0-0 8. f3 c5 9. d5 exd5 10. Nxd5 Nc6 11. e4 Be6 12. Nxf6+ Bxf6 13. Bxe6 fxe6 14. Qb3 Qe7 15. Be3 b6 16. Rad1 Rad8 17. f4 Na5 18. Qc2 e5 19. f5 Bg5 20. Bf2 Qf7 21. Nc3 Nc6 22. Nd5 Ne7 23. h4 Nxd5 24. hxg5 Nb4 25. Qc3 Nc6 26. Rxd8 Rxd8 27. b3 Qd7 28. Qc4+ Qf7 29. Qe2 Qd7 30. g6 Qd2 31. Qg4 hxg6 32. Qxg6 Qh6 33. Qg4 Rf8 34. Bg3 Qe3+ 35. Kh2 Rf6 36. Bh4 Qh6 37. Rf3 Rd6 38. Rg3 Rf6 39. Rh3 Rf7 40. Bg5 Qd6 41. Qh5 Rf8 42. f6 1-0

[Event "Mittelfranken-chTB1 1718"]
[Site "Mittelfranken"]
[Date "2018.01.28"]
[Round "4.5"]
[White "Holzer, Johann"]
[Black "Krisin, Joachim"]
[Result "1/2-1/2"]
[WhiteElo "1865"]
[BlackElo "1823"]
[PlyCount "120"]
[EventDate "2017.10.08"]
[EventType "team-tourn"]
[EventRounds "9"]
[EventCountry "GER"]
[SourceTitle "EXT 2022"]
[Source "ChessBase"]
[SourceDate "2021.10.06"]
[SourceVersion "1"]
[SourceVersionDate "2021.10.06"]
[SourceQuality "1"]
[WhiteTeam "Bechhofen"]
[BlackTeam "Erlangen Siemens"]
[WhiteTeamCountry "GER"]
[BlackTeamCountry "GER"]

1. d4 Nf6 2. c4 e6 3. Nc3 Bb4 4. f3 c5 5. d5 Nh5 6. Nh3 Bxc3+ 7. bxc3 f5 8. e4 Qf6 9. f4 Qh4+ 10. Nf2 fxe4 11. g3 Nxg3 12. hxg3 Qxg3 13. Rh3 Qg6 14. Be2 Qg1+ 15. Bf1 Qg6 16. Be3 d6 17. Nxe4 Qxe4 18. Bd3 Qg2 19. Qh5+ Kd8 20. Qh4+ Kc7 21. Rg3 Qb2 22. Qe7+ Bd7 23. Rb1 Qxc3+ 24. Bd2 Qf6 25. Qxf6 gxf6 26. dxe6 Bxe6 27. Rg7+ Bd7 28. Rxb7+ Kxb7 29. Be4+ Kb6 30. Bxa8 Bc6 31. Bxc6 Nxc6 32. Rf7 Nd4 33. Rxf6 Nf3+ 34. Ke2 Nxd2 35. Rxd6+ Kc7 36. Rxd2 h5 37. Rd5 Kc6 38. Kf3 h4 39. Kg2 h3+ 40. Kh2 Rh4 41. Rf5 Kb6 42. Rf7 a6 43. Rf5 a5 44. Rf6+ Kc7 45. Ra6 Rxf4 46. Rxa5 Rxc4 47. Kxh3 Kb6 48. Ra3 Rf4 49. Rb3+ Ka5 50. Kg3 Rf8 51. a3 Rf6 52. Kg4 c4 53. Rc3 Kb5 54. Kg5 Rf1 55. Kg4 Rb1 56. Kf4 Rb3 57. a4+ Kb4 58. Rc1 Ra3 59. Ke4 Rxa4 60. Kd4 Kb3 1/2-1/2

[Event "Regionalliga NO 1415"]
[Site "Bayern"]
[Date "2014.11.09"]
[Round "2.5"]
[White "Holzer, Johann"]
[Black "Reichmann, Ulrich"]
[Result "0-1"]
[WhiteElo "1863"]
[BlackElo "1918"]
[PlyCount "76"]
[EventDate "2014.10.19"]
[EventType "team-tourn"]
[EventRounds "9"]
[EventCountry "GER"]
[SourceTitle "EXT 2018"]
[Source "ChessBase"]
[SourceDate "2017.10.13"]
[SourceVersion "1"]
[SourceVersionDate "2017.10.13"]
[SourceQuality "1"]
[WhiteTeam "Bechhofen"]
[BlackTeam "Gunzenhausen"]
[WhiteTeamCountry "GER"]
[BlackTeamCountry "GER"]

1. d4 Nf6 2. c4 c5 3. d5 b5 4. f3 Qa5+ 5. Bd2 b4 6. e4 d6 7. Na3 Qb6 8. Nc2 a5 9. Bd3 g6 10. Ne2 Bg7 11. Qc1 Nbd7 12. f4 0-0 13. 0-0 a4 14. Rb1 Ne8 15. Ne3 a3 16. b3 Nc7 17. g4 e6 18. Ng3 exd5 19. exd5 Ne8 20. f5 Ne5 21. Bc2 Qd8 22. Kg2 Qh4 23. h3 h5 24. Qd1 Nf6 25. Ne4 Nxe4 26. Bxe4 Bd7 27. Be1 Qg5 28. Bf2 Qf4 29. Bc2 hxg4 30. hxg4 gxf5 31. Bxf5 Bxf5 32. Nxf5 Qe4+ 33. Kg3 Ng6 34. Nxg7 Kxg7 35. Re1 Qf4+ 36. Kg2 Rh8 37. Qf3 Rh2+ 38. Kg1 Qxf3 0-1

[Event "Regionalliga NO 1415"]
[Site "Bayern"]
[Date "2014.10.19"]
[Round "1.4"]
[White "Holzer, Johann"]
[Black "Redzepovic, Irfan"]
[Result "0-1"]
[WhiteElo "1863"]
[BlackElo "2053"]
[PlyCount "82"]
[EventDate "2014.10.19"]
[EventType "team-tourn"]
[EventRounds "9"]
[EventCountry "GER"]
[SourceTitle "EXT 2018"]
[Source "ChessBase"]
[SourceDate "2017.10.13"]
[SourceVersion "1"]
[SourceVersionDate "2017.10.13"]
[SourceQuality "1"]
[WhiteTeam "Bechhofen"]
[BlackTeam "Nuernberg Sued SW II"]
[WhiteTeamCountry "GER"]
[BlackTeamCountry "GER"]

1. d4 Nf6 2. c4 e6 3. Nc3 Bb4 4. f3 c5 5. d5 Bxc3+ 6. bxc3 Qa5 7. Bd2 0-0 8. e4 d6 9. Bd3 Nbd7 10. f4 exd5 11. exd5 Re8+ 12. Ne2 Ne4 13. 0-0 Ndf6 14. h3 Bd7 15. Be1 Re7 16. a4 Rae8 17. Qc2 b5 18. cxb5 Nxd5 19. c4 Nb4 20. Qd1 Bc8 21. g4 Qc7 22. Bh4 Rd7 23. Ng3 Nxg3 24. Bxg3 d5 25. Bf5 Rdd8 26. Bxc8 Qxc8 27. cxd5 Rxd5 28. Qc1 Rd3 29. Ra3 Rxa3 30. Qxa3 Nc2 31. Qd3 Nd4 32. Re1 Rd8 33. Bf2 h5 34. f5 hxg4 35. hxg4 Qa8 36. Re4 Nxf5 37. Qc2 Nd6 38. Re7 Qf3 39. Rxa7 Ne4 40. Re7 Rd1+ 41. Qxd1 Qxf2+ 0-1

[Event "Landesliga Nord 1213"]
[Site "Bayern"]
[Date "2012.12.09"]
[Round "4.8"]
[White "Holzer, Johann"]
[Black "Fiedler, Wolfgang"]
[Result "1/2-1/2"]
[WhiteElo "1899"]
[BlackElo "1913"]
[PlyCount "55"]
[EventDate "2012.10.14"]
[EventType "team-tourn"]
[EventRounds "9"]
[EventCountry "GER"]
[SourceTitle "EXT 2015"]
[Source "ChessBase"]
[SourceDate "2014.11.20"]
[SourceVersion "1"]
[SourceVersionDate "2014.11.20"]
[SourceQuality "1"]
[WhiteTeam "Schweinfurt"]
[BlackTeam "Zirndorf"]
[WhiteTeamCountry "GER"]
[BlackTeamCountry "GER"]

1. d4 g6 2. c4 Bg7 3. Nc3 c6 4. e4 e5 5. d5 c5 6. f4 f6 7. Nf3 d6 8. Be2 Nh6 9. 0-0 0-0 10. h3 Nf7 11. Be3 Na6 12. a3 Nc7 13. b4 b6 14. fxe5 fxe5 15. Qd2 Bd7 16. Nh2 Qe7 17. Rf2 Qh4 18. Raf1 Bh6 19. Ng4 Bxg4 20. Bxg4 Bxe3 21. Qxe3 Qg5 22. Qd3 Qe7 23. Nb5 Kg7 24. Nxc7 Qxc7 25. b5 Nh6 26. Be6 Rxf2 27. Rxf2 Qe7 28. Qf3 1/2-1/2

[Event "Landesliga Nord 1213"]
[Site "Bayern"]
[Date "2012.11.25"]
[Round "3.8"]
[White "Herrmann, Michael1"]
[Black "Holzer, Johann"]
[Result "1-0"]
[WhiteElo "1814"]
[BlackElo "1899"]
[PlyCount "135"]
[EventDate "2012.10.14"]
[EventType "team-tourn"]
[EventRounds "9"]
[EventCountry "GER"]
[SourceTitle "EXT 2015"]
[Source "ChessBase"]
[SourceDate "2014.11.20"]
[SourceVersion "1"]
[SourceVersionDate "2014.11.20"]
[SourceQuality "1"]
[WhiteTeam "Bindlach II"]
[BlackTeam "Schweinfurt"]
[WhiteTeamCountry "GER"]
[BlackTeamCountry "GER"]

1. e4 e5 2. Nf3 Nc6 3. d4 exd4 4. Nxd4 Bc5 5. Be3 Qf6 6. c3 Nge7 7. Be2 0-0 8. 0-0 Bb6 9. Kh1 d5 10. Nxc6 Qxc6 11. Bxb6 Qxb6 12. exd5 Qxb2 13. Nd2 Qxc3 14. Rc1 Qd4 15. Rxc7 Nxd5 16. Rc4 Qe5 17. Re4 Qb2 18. Nc4 Qb5 19. Re5 Be6 20. Nd6 Qb2 21. Qa1 Qb4 22. Nf5 Bxf5 23. Rxf5 Ne7 24. Rb1 Qd2 25. Re5 Ng6 26. Rd1 Qf4 27. Red5 Qxf2 28. Bf3 Nf4 29. Rg5 f6 30. Rf1 Qd2 31. Rg4 Ng6 32. Rd1 Qf2 33. Rf1 Qc5 34. h4 Ne5 35. Rc1 Qf2 36. Bd5+ Kh8 37. Re4 Rad8 38. Rf1 Qg3 39. Be6 Nd3 40. Rf3 Qc7 41. Bb3 Ne5 42. Rh3 Rd2 43. Qe1 Qd7 44. h5 h6 45. Rg3 Rd8 46. Rge3 Qf5 47. Rxe5 fxe5 48. Rxe5 Qf8 49. Re7 R2d7 50. Re6 Rd6 51. Re7 Rf6 52. Qe4 Rf4 53. Qe3 Rh4+ 54. Kg1 Rxh5 55. Bc2 Rg5 56. Qe4 Qg8 57. Bb3 Qf8 58. Bc2 Rxg2+ 59. Kxg2 Rd2+ 60. Kg3 Qf2+ 61. Kg4 h5+ 62. Kg5 Qg3+ 63. Kf5 Rf2+ 64. Ke6 Rf6+ 65. Kd5 Rd6+ 66. Kc4 b5+ 67. Kc5 Qa3+ 68. Qb4 1-0

[Event "Mittelfranken-chTB2a 1112"]
[Site "Germany"]
[Date "2012.02.05"]
[Round "6.3"]
[White "Holzer, Johann"]
[Black "Diller, Peter"]
[Result "0-1"]
[WhiteElo "1909"]
[BlackElo "1961"]
[PlyCount "44"]
[EventDate "2011.09.25"]
[EventType "team-tourn"]
[EventRounds "9"]
[EventCountry "GER"]
[SourceTitle "EXT 2013"]
[Source "ChessBase"]
[SourceDate "2012.11.22"]
[SourceVersion "1"]
[SourceVersionDate "2012.11.22"]
[SourceQuality "1"]
[WhiteTeam "Bechhofen II"]
[BlackTeam "Rothenburg"]
[WhiteTeamCountry "GER"]
[BlackTeamCountry "GER"]

1. d4 e6 2. c4 f5 3. g3 Nf6 4. Nc3 Be7 5. Bg2 0-0 6. d5 e5 7. e4 d6 8. Nge2 Qe8 9. exf5 Bxf5 10. 0-0 Nbd7 11. f4 Qh5 12. fxe5 dxe5 13. Bf3 Bc5+ 14. Kh1 Ng4 15. h4 h6 16. Kg2 Ndf6 17. Ng1 Qg6 18. Nh3 Nh5 19. Qe1 Nf2 20. Bxh5 Bxh3+ 21. Kh2 Qxh5 22. Be3 Bxe3 0-1

[Event "Mittelfranken-chTB2a 1112"]
[Site "Germany"]
[Date "2011.10.23"]
[Round "2.3"]
[White "Suess, Helmut"]
[Black "Holzer, Johann"]
[Result "0-1"]
[WhiteElo "1903"]
[BlackElo "1909"]
[PlyCount "80"]
[EventDate "2011.09.25"]
[EventType "team-tourn"]
[EventRounds "9"]
[EventCountry "GER"]
[SourceTitle "EXT 2013"]
[Source "ChessBase"]
[SourceDate "2012.11.22"]
[SourceVersion "1"]
[SourceVersionDate "2012.11.22"]
[SourceQuality "1"]
[WhiteTeam "Nuernberg NT V"]
[BlackTeam "Bechhofen II"]
[WhiteTeamCountry "GER"]
[BlackTeamCountry "GER"]

1. d4 Nf6 2. c4 e6 3. Nc3 Bb4 4. Qc2 b6 5. a3 Bxc3+ 6. Qxc3 d6 7. Nf3 Ne4 8. Qc2 f5 9. g3 0-0 10. Bg2 d5 11. cxd5 exd5 12. Bf4 c5 13. 0-0 c4 14. Ne5 Nd7 15. Nxd7 Bxd7 16. f3 Nf6 17. Be5 b5 18. Rad1 a5 19. Qd2 Qb6 20. Ra1 Rfe8 21. Rf2 h6 22. e3 b4 23. Bh3 f4 24. Bxd7 fxe3 25. Qxe3 Nxd7 26. f4 Nf6 27. Re2 Ne4 28. Kg2 Rac8 29. Qf3 c3 30. axb4 axb4 31. Qd3 Rc6 32. b3 Nd2 33. Rxd2 cxd2 34. Qxd2 Rec8 35. Ra2 Rc3 36. Qd1 Qg6 37. Re2 Rc1 38. Qd2 R8c2 39. Qe3 Rxe2+ 40. Qxe2 Rc2 0-1

[Event "Mittelfranken-chTB2a 0809"]
[Site "Mittelfranken"]
[Date "2009.03.22"]
[Round "8.1"]
[White "Holzer, Johann"]
[Black "Sporrer, Bernhard"]
[Result "0-1"]
[WhiteElo "1888"]
[BlackElo "2054"]
[PlyCount "66"]
[EventDate "2008.10.12"]
[EventType "team"]
[EventRounds "9"]
[EventCountry "GER"]
[SourceTitle "EXT 2011"]
[Source "ChessBase"]
[SourceDate "2010.11.26"]
[SourceVersion "1"]
[SourceVersionDate "2010.11.26"]
[SourceQuality "1"]
[WhiteTeam "Bad Windsheim"]
[BlackTeam "Nuernberg NT V"]
[WhiteTeamCountry "GER"]
[BlackTeamCountry "GER"]

1. d4 d5 2. c4 dxc4 3. e4 e5 4. d5 Nf6 5. Nc3 c6 6. Bxc4 b5 7. Bb3 b4 8. Nb1 Bc5 9. Qc2 Qb6 10. Nf3 Ng4 11. 0-0 Ba6 12. h3 Bxf1 13. hxg4 Bb5 14. Nxe5 0-0 15. a3 Bd6 16. Nc4 Qd8 17. Nxd6 Qxd6 18. Be3 Qg6 19. Bc5 Rd8 20. Bxb4 cxd5 21. Bxd5 Bc6 22. Nc3 a5 23. Bxc6 Nxc6 24. Bc5 Qxg4 25. f3 Qg5 26. Nd5 Rac8 27. Be3 Qe5 28. Bb6 Rd6 29. Bxa5 Qd4+ 30. Kf1 Rh6 31. Bb6 Rh1+ 32. Ke2 Rxa1 33. Bxd4 Nxd4+ 0-1

[Event "Mittelfrankenliga-B2b 0708"]
[Site "Mittelfranken"]
[Date "2008.03.02"]
[Round "7.1"]
[White "Holzer, Johann"]
[Black "Fink, Martin"]
[Result "0-1"]
[WhiteElo "1888"]
[BlackElo "1911"]
[PlyCount "76"]
[EventDate "2007.10.14"]
[EventType "team-tourn"]
[EventRounds "9"]
[EventCountry "GER"]
[SourceTitle "EXT 2011"]
[Source "ChessBase"]
[SourceDate "2010.11.26"]
[SourceVersion "1"]
[SourceVersionDate "2010.11.26"]
[SourceQuality "1"]
[WhiteTeam "Bad Windsheim"]
[BlackTeam "Heideck/Hilpoltstein"]
[WhiteTeamCountry "GER"]
[BlackTeamCountry "GER"]

1. d4 c5 2. d5 g6 3. c4 Bg7 4. Nc3 d6 5. e4 Nf6 6. f4 0-0 7. Nf3 Bg4 8. Be2 Nbd7 9. h3 Bxf3 10. Bxf3 Ne8 11. Qe2 e6 12. 0-0 Qh4 13. f5 Be5 14. dxe6 Qg3 15. e7 Ng7 16. exf8Q+ Rxf8 17. Nd5 Qh2+ 18. Kf2 Qg3+ 19. Ke3 gxf5 20. Kd2 Re8 21. Kc2 fxe4 22. Qxe4 f5 23. Qd3 Ne6 24. Be3 Qg7 25. Rab1 Bd4 26. Nf4 Ne5 27. Qxf5 Nxc4 28. Bc1 Bxb2 29. Bxb2 Ne3+ 30. Kd2 Nxf1+ 31. Kc1 Nd4 32. Qd5+ Kh8 33. Bxd4 cxd4 34. Rxb7 Qf6 35. Nh5 Qh6+ 36. Kb1 Re1+ 37. Kb2 Qc1+ 38. Kb3 Re3+ 0-1

[Event "Mittelfranken-ch HT 56th"]
[Site "Postbauer"]
[Date "2007.04.06"]
[Round "7.8"]
[White "Fischer, Gerd"]
[Black "Holzer, Johann"]
[Result "0-1"]
[WhiteElo "2081"]
[BlackElo "1956"]
[PlyCount "42"]
[EventDate "2007.04.03"]
[EventType "swiss"]
[EventRounds "9"]
[EventCountry "GER"]
[SourceTitle "EXT 2011"]
[Source "ChessBase"]
[SourceDate "2010.11.26"]
[SourceVersion "1"]
[SourceVersionDate "2010.11.26"]
[SourceQuality "1"]

1. e4 e5 2. Nf3 Nc6 3. d4 exd4 4. Nxd4 Bc5 5. Be3 Qf6 6. c3 Nge7 7. Nc2 Bb6 8. g3 Qg6 9. Bg2 d6 10. Bxb6 axb6 11. Ne3 0-0 12. 0-0 f5 13. exf5 Nxf5 14. Nd5 Qf7 15. Nd2 Kh8 16. Ne4 Qd7 17. Qh5 Nfe7 18. Ng5 h6 19. Bh3 Qd8 20. Be6 Nxd5 21. Bxd5 Qxg5 0-1

[Event "Mittelfranken-ch HT 56th"]
[Site "Postbauer"]
[Date "2007.04.06"]
[Round "8.8"]
[White "Holzer, Johann"]
[Black "Sippl, Martin"]
[Result "1/2-1/2"]
[WhiteElo "1956"]
[BlackElo "1975"]
[PlyCount "33"]
[EventDate "2007.04.03"]
[EventType "swiss"]
[EventRounds "9"]
[EventCountry "GER"]
[SourceTitle "EXT 2011"]
[Source "ChessBase"]
[SourceDate "2010.11.26"]
[SourceVersion "1"]
[SourceVersionDate "2010.11.26"]
[SourceQuality "1"]

1. d4 Nf6 2. c4 d6 3. Nc3 Nbd7 4. f4 c5 5. d5 g6 6. e4 a6 7. a4 Qc7 8. Nf3 Bg7 9. Be2 e6 10. 0-0 0-0 11. h3 exd5 12. cxd5 Re8 13. Nd2 h6 14. Bf3 Rb8 15. g4 b5 16. axb5 axb5 17. Ne2 1/2-1/2

[Event "Mittelfranken-ch HT 56th"]
[Site "Postbauer"]
[Date "2007.04.04"]
[Round "3.7"]
[White "Holzer, Johann"]
[Black "Erlbeck, Peter"]
[Result "1/2-1/2"]
[WhiteElo "1956"]
[BlackElo "2035"]
[PlyCount "23"]
[EventDate "2007.04.03"]
[EventType "swiss"]
[EventRounds "9"]
[EventCountry "GER"]
[SourceTitle "EXT 2011"]
[Source "ChessBase"]
[SourceDate "2010.11.26"]
[SourceVersion "1"]
[SourceVersionDate "2010.11.26"]
[SourceQuality "1"]

1. d4 f5 2. c4 Nf6 3. Nc3 g6 4. g3 Bg7 5. Nf3 d6 6. Bg2 0-0 7. 0-0 Qe8 8. d5 c6 9. Nd4 Bd7 10. e4 fxe4 11. Nxe4 Nxe4 12. Bxe4 1/2-1/2

[Event "Mittelfranken-ch HT 54th"]
[Site "Forchheim"]
[Date "2005.03.22"]
[Round "1"]
[White "Balle, Alfred"]
[Black "Holzer, Johann"]
[Result "1-0"]
[WhiteElo "1924"]
[BlackElo "1656"]
[PlyCount "67"]
[EventDate "2005.03.22"]
[EventType "swiss"]
[EventRounds "9"]
[EventCountry "GER"]
[SourceTitle "EXT 2011"]
[Source "ChessBase"]
[SourceDate "2010.11.26"]
[SourceVersion "1"]
[SourceVersionDate "2010.11.26"]
[SourceQuality "1"]

1. e4 e5 2. Nf3 Nc6 3. c3 f5 4. exf5 Nf6 5. h3 e4 6. Nd4 Bc5 7. Nxc6 bxc6 8. d4 exd3 9. Bxd3 0-0 10. 0-0 d5 11. Nd2 Qe8 12. Nb3 Bb6 13. Nd4 c5 14. Ne2 Nh5 15. g4 Nf6 16. Kg2 Bb7 17. f3 Rd8 18. Nf4 Rf7 19. Ne6 Rdd7 20. Bg5 c4 21. Bc2 h6 22. Bh4 Qc8 23. Re1 c5 24. Ba4 Bc6 25. Bxc6 Qxc6 26. Bxf6 Rxf6 27. Qe2 Re7 28. Qd2 a5 29. Nf4 Rxe1 30. Rxe1 Rd6 31. Qe2 Bc7 32. Ng6 Qd7 33. Qe8+ Qxe8 34. Rxe8+ 1-0